000
00303nam a22001097a 4500
008
230621b xxu||||| |||| 00| 0 eng d
082
_a
328.30
_b
CPA 1988
245
_a
Report of the Commonwealth Parliamentary Association
260
_a
Zimbabwe
_b
Parliament of Zimbwabwe
300
_a
22p
942
_2
ddc
_c
BK
999
_c
2091
_d
2091